PENINGKATAN GANGGUAN MENTAL DI MALAYSIA : (Record no. 142202)

MARC details
000 -LEADER
fixed length control field 01150nam a2200349 a 4500
001 - CONTROL NUMBER
control field vtls000654279
003 - CONTROL NUMBER IDENTIFIER
control field PNM
005 - DATE AND TIME OF LATEST TRANSACTION
control field 20180728150240.0
008 - FIXED-LENGTH DATA ELEMENTS--GENERAL INFORMATION
fixed length control field 110905t20122012my ao g | 000 0 may
015 ## - NATIONAL BIBLIOGRAPHY NUMBER
National bibliography number M13-02269
020 ## - INTERNATIONAL STANDARD BOOK NUMBER
International Standard Book Number 9789673910601
Terms of availability RM112.00
Qualifying information hardback
039 #9 - LEVEL OF BIBLIOGRAPHIC CONTROL AND CODING DETAIL [OBSOLETE]
Level of rules in bibliographic description 201306061137
Level of effort used to assign nonsubject heading access points manoriah
Level of effort used to assign subject headings 201302191419
Level of effort used to assign classification norhidayah
Level of effort used to assign subject headings 201302191411
Level of effort used to assign classification norhidayah
Level of effort used to assign subject headings 201302071503
Level of effort used to assign classification rasidah
040 ## - CATALOGING SOURCE
Original cataloging agency BNM
Transcribing agency PNM
Language of cataloging eng
Modifying agency PPAK
Description conventions rda
049 ## - LOCAL HOLDINGS (OCLC)
Holding library klpmal
082 04 - DEWEY DECIMAL CLASSIFICATION NUMBER
Classification number 362.2
Edition number 23
090 00 - LOCALLY ASSIGNED LC-TYPE CALL NUMBER (OCLC); LOCAL CALL NUMBER (RLIN)
Classification number (OCLC) (R) ; Classification number, CALL (RLIN) (NR) 362.2
Feature heading ALI
Feature heading G
100 0# - MAIN ENTRY--PERSONAL NAME
Personal name Alia Hanisa,
Dates associated with a name 1985-
Relator term author
245 10 - TITLE STATEMENT
Title PENINGKATAN GANGGUAN MENTAL DI MALAYSIA :
Number of part/section of a work Jilid 2 /
Statement of responsibility, etc. Alia Hanisa
264 ## - PRODUCTION, PUBLICATION, DISTRIBUTION, MANUFACTURE, AND COPYRIGHT NOTICE
Place of production, publication, distribution, manufacture Seri Kembangan, Selangor :
Name of producer, publisher, distributor, manufacturer Penerbitan Premier,
Date of production, publication, distribution, manufacture, or copyright notice 2012
Date of production, publication, distribution, manufacture, or copyright notice © 2012
300 ## - PHYSICAL DESCRIPTION
Extent iv, 44 pages :
Other physical details colour illustrations gf. ;
Dimensions 30 cm
336 ## - CONTENT TYPE
Source rdacontent
Content type term text
337 ## - MEDIA TYPE
Source rdamedia
Media type term unmediated
338 ## - CARRIER TYPE
Source rdacarrier
Carrier type term volume
490 1# - SERIES STATEMENT
Series statement SIRI KESEDARAN KESIHATAN MENTAL
500 ## - GENERAL NOTE
General note Jilid 2
504 ## - BIBLIOGRAPHY, ETC. NOTE
Bibliography, etc. note Includes bibliographical references : pages 44
650 10 - SUBJECT ADDED ENTRY--TOPICAL TERM
Topical term or geographic name entry element Mental health
Topical term or geographic name entry element Mental illness
830 #0 - SERIES ADDED ENTRY--UNIFORM TITLE
Uniform title Siri kesedaran kesihatan mental
942 ## - ADDED ENTRY ELEMENTS (KOHA)
Source of classification or shelving scheme Dewey Decimal Classification
Koha item type Book

No items available.